Housekeeping management / (Record no. 4709)

MARC details
000 -LEADER
fixed length control field 00836nam a22002537a 4500
003 - CONTROL NUMBER IDENTIFIER
control field URS
005 - DATE AND TIME OF LATEST TRANSACTION
control field 20220117120503.0
008 - FIXED-LENGTH DATA ELEMENTS--GENERAL INFORMATION
fixed length control field 190703b ||||| |||| 00| 0 eng d
020 ## - INTERNATIONAL STANDARD BOOK NUMBER
International Standard Book Number 9789719419532
040 ## - CATALOGING SOURCE
Description conventions rda
Transcribing agency URS
Language of cataloging eng
050 ## - LIBRARY OF CONGRESS CALL NUMBER
Classification number TX 928
Item number .R6431 2010
100 ## - MAIN ENTRY--PERSONAL NAME
Relator code Author.
Personal name Roldan, Amelia Samson.
245 ## - TITLE STATEMENT
Title Housekeeping management /
Statement of responsibility, etc. Amelia Samson Roldan, Amelia Malapitan Crespo.
250 ## - EDITION STATEMENT
Edition statement Revised edition 2010.
264 #1 - PRODUCTION, PUBLICATION, DISTRIBUTION, MANUFACTURE, AND COPYRIGHT NOTICE
Place of production, publication, distribution, manufacture ParaƱaque City :
Name of producer, publisher, distributor, manufacturer AR Skills Development & Management Services,
Date of production, publication, distribution, manufacture, or copyright notice [2010]
264 #4 - PRODUCTION, PUBLICATION, DISTRIBUTION, MANUFACTURE, AND COPYRIGHT NOTICE
Date of production, publication, distribution, manufacture, or copyright notice ©2010
300 ## - PHYSICAL DESCRIPTION
Extent iv, 210 pages :
Other physical details illustrations ;
Dimensions 25 cm
336 ## - CONTENT TYPE
Content type term text
Content type code txt
Source rdacontent
337 ## - MEDIA TYPE
Media type term unmediated
Media type code n
Source rdamedia
338 ## - CARRIER TYPE
Carrier type term volume
Carrier type code nc
Source rdacarrier
650 ## - SUBJECT ADDED ENTRY--TOPICAL TERM
Topical term or geographic name entry element Hotel housekeeping -- Management.
700 ## - ADDED ENTRY--PERSONAL NAME
Relator code Author.
Personal name Crespo, Amelia Malapitan.
942 ## - ADDED ENTRY ELEMENTS (KOHA)
Source of classification or shelving scheme Library of Congress Classification
Koha item type Filipiniana
Holdings
Withdrawn status Source of classification or shelving scheme Damaged status Not for loan Collection code Home library Current library Shelving location Date acquired Source of acquisition Total Checkouts Full call number Barcode Date last seen Price effective from Koha item type
  Library of Congress Classification     Non-fiction Antipolo College Library Antipolo College Library On Display 08/24/2018 Library Fund   TX 928 .R6431 2010 URSANT-04672 08/24/2018 08/24/2018 Filipiniana
  Library of Congress Classification     Non-fiction Antipolo College Library Antipolo College Library On Display 08/24/2018 Library Fund   TX 928 .R6431 2010 URSANT-04673 08/28/2018 08/24/2018 Filipiniana

University of Rizal System
Email us at univlibservices@urs.edu.ph

Visit our Website www.urs.edu.ph/library